000 00452cam a2200205ua 4500
001 7259
005 20260515114158.0
008 141205n ii |||gr||||Z||||||ben
020 _a817079045X
040 _cMAIN
041 _aben
082 _a891.44
100 _aSankar,
_eAuthor.,
245 _aSwarga marta patal
_cBy Sankar
250 _a1st.
260 _aKolkata:
_bDey,
_c2008.
300 _a320p.
653 _aBengali novels
942 _cBK
999 _c6379
_d6379